Skład Arsenalu vs PSG w finale LM 2025/26 - Statystyki

Ogólne statystyki
  • Ten quiz został rozwiązany 13 razy
  • Średni wynik to 9 z 11
Statystyki odpowiedzi
Numer Pozycja Zawodnik % Poprawnych
7 Skrzydłowy Bukayo Saka
100%
1 Bramkarz David Raya
100%
41 Pomocnik Declan Rice
100%
6 Obrońca Gabriel
100%
2 Obrońca William Saliba
100%
29 Napastnik Kai Havertz
85%
49 Pomocnik Myles Lewis-Skelly
85%
19 Skrzydłowy Leandro Trossard
77%
8 Pomocnik Martin Odegaard
77%
5 Obrońca Piero Hincapie
62%
3 Obrońca Cristhian Mosquera
54%
Nie znaleziono quizów pasujących do podanych kryteriów
Rozkład punktacji
Procent ludzi z każdym wynikiem
Percentyl według liczby udzielonych odpowiedzi
Twoja historia wyników
Nie rozwiązałeś tego quizu